000 00863nam a2200253Ia 4500
003 OSt
005 20220923211556.0
006 a|||||r|||| 00| 0
007 ta
008 220922b |||||||| |||| 00| 0 pan d
020 _a9789385670794 (hbk)
_c250
024 _a349,428
037 _b1039, 02/02/2019, H.K. Prakashan
_cTextual
040 _aARTS
_cARTS
_bpan
041 _2pan
_apan
082 _aV243, 153Q7
100 _aਸਿੰਘ, ਸੁਖਦੇਵ, ਂਚ.
245 0 _aਪੰਜਾਬੀ ਸਮਾਜ ਅਤੇ ਬਦਲਾਅ
260 _aਪਟਿਆਲਾ
_b ਗ੍ਰੇFੀਅਸ ਬੁੱਕਸ
_c2017
300 _a327ਪ੍ਰ0
_ccm.
650 _aਇਤਿਹਾਸ
_9156320
942 _hV243, 153Q7
_cTEXL
_2CC
999 _c300928
_d300928